[Event "msr26ss"]
[Site "?"]
[Date "2026.03.26"]
[Round "7.22"]
[White "Kostka, Pavol"]
[Black "Romaniuta, Ivan"]
[Result "0-1"]
[BlackElo "1782"]
[WhiteElo "1870"]
[LiveChessVersion "1.4.8"]

1. e4 {[%clk 0:10:01]} e5 {[%clk 0:10:02]} 2. Nf3 {[%clk 0:10:02]} Nc6
{[%clk 0:10:03]} 3. Bc4 {[%clk 0:10:03]} Bc5 {[%clk 0:09:59]} 4. c3
{[%clk 0:10:03]} Nf6 {[%clk 0:09:58]} 5. d4 {[%clk 0:10:03]} exd4
{[%clk 0:09:50]} 6. cxd4 {[%clk 0:10:02]} Bb4+ {[%clk 0:09:50]} 7. Bd2
{[%clk 0:10:02]} Bxd2+ {[%clk 0:09:50]} 8. Nbxd2 {[%clk 0:10:01]} d5
{[%clk 0:09:50]} 9. exd5 {[%clk 0:09:54]} Nxd5 {[%clk 0:09:50]} 10. O-O
{[%clk 0:09:48]} O-O {[%clk 0:09:50]} 11. a3 {[%clk 0:09:33]} Bg4
{[%clk 0:09:30]} 12. Qc2 {[%clk 0:08:58]} Nf6 {[%clk 0:09:07]} 13. d5
{[%clk 0:06:16]} Nxd5 {[%clk 0:08:13]} 14. Rfe1 {[%clk 0:05:53]} Bxf3
{[%clk 0:07:31]} 15. Nxf3 {[%clk 0:05:47]} Nb6 {[%clk 0:07:07]} 16. Ba2
{[%clk 0:05:38]} Qf6 {[%clk 0:06:30]} 17. Re3 {[%clk 0:05:14]} Rfe8
{[%clk 0:06:03]} 18. Rae1 {[%clk 0:05:02]} Rxe3 {[%clk 0:05:54]} 19. Rxe3
{[%clk 0:04:56]} Rd8 {[%clk 0:05:27]} 20. Qe2 {[%clk 0:04:01]} g6
{[%clk 0:04:55]} 21. Re8+ {[%clk 0:03:09]} Rxe8 {[%clk 0:04:56]} 22. Qxe8+
{[%clk 0:03:09]} Kg7 {[%clk 0:04:56]} 23. h3 {[%clk 0:02:30]} Na4
{[%clk 0:02:42]} 24. Ng5 {[%clk 0:00:22]} Ne5 {[%clk 0:01:40]} 25. Qxa4
{[%clk 0:00:11]} Qxg5 {[%clk 0:01:40]} 26. Qd4 {[%clk 0:00:05]} f6
{[%clk 0:01:05]} 27. Kh2 {[%clk 0:00:05]} Nf7 {[%clk 0:00:56]} 28. Qd5
{[%clk 0:00:06]} Qxd5 {[%clk 0:00:54]} 29. Bxd5 {[%clk 0:00:06]} c6
{[%clk 0:00:56]} 30. Bxf7 {[%clk 0:00:06]} Kxf7 {[%clk 0:00:57]} 31. Kg3
{[%clk 0:00:07]} h6 {[%clk 0:00:57]} 32. Kf4 {[%clk 0:00:08]} Ke6
{[%clk 0:00:59]} 33. Ke4 {[%clk 0:00:09]} b6 {[%clk 0:00:57]} 34. b4
{[%clk 0:00:10]} a6 {[%clk 0:00:58]} 35. g4 {[%clk 0:00:10]} f5+ {[%clk 0:00:55]}
36. gxf5+ {[%clk 0:00:07]} gxf5+ {[%clk 0:00:57]} 37. Kf4 {[%clk 0:00:08]} Kf6
{[%clk 0:00:57]} 38. h4 {[%clk 0:00:09]} c5 {[%clk 0:00:47]} 39. bxc5
{[%clk 0:00:09]} bxc5 {[%clk 0:00:48]} 40. Ke3 {[%clk 0:00:09]} Ke5
{[%clk 0:00:49]} 41. f4+ {[%clk 0:00:10]} Kd5 {[%clk 0:00:49]} 42. Kd3
{[%clk 0:00:10]} c4+ {[%clk 0:00:49]} 43. Kc3 {[%clk 0:00:12]} Ke5 44. Kd4+ 0-1

[Event "msr26ss"]
[Site "?"]
[Date "2026.03.26"]
[Round "7.23"]
[White "Bersihand, Hugo Maria"]
[Black "Macakova, Bianka"]
[Result "0-1"]
[BlackElo "1795"]
[WhiteElo "1532"]
[LiveChessVersion "1.4.8"]

1. e4 {[%clk 0:10:01]} c5 {[%clk 0:10:03]} 2. Nc3 {[%clk 0:10:02]} Nc6
{[%clk 0:10:04]} 3. f4 {[%clk 0:10:02]} e6 {[%clk 0:10:04]} 4. Nf3
{[%clk 0:10:02]} g6 {[%clk 0:10:03]} 5. Bb5 {[%clk 0:09:56]} Bg7 {[%clk 0:10:02]}
6. Bxc6 {[%clk 0:09:50]} dxc6 {[%clk 0:10:01]} 7. d3 {[%clk 0:09:51]} Ne7
{[%clk 0:09:59]} 8. O-O {[%clk 0:09:43]} O-O {[%clk 0:09:52]} 9. Qe1
{[%clk 0:09:42]} f5 {[%clk 0:08:48]} 10. e5 {[%clk 0:09:27]} Nd5 {[%clk 0:08:30]}
11. Bd2 {[%clk 0:08:39]} Qe7 {[%clk 0:07:46]} 12. Qf2 {[%clk 0:08:26]} b6
{[%clk 0:05:45]} 13. h3 {[%clk 0:07:46]} Ba6 {[%clk 0:05:18]} 14. Rfe1
{[%clk 0:07:21]} c4 {[%clk 0:04:13]} 15. dxc4 {[%clk 0:06:40]} Bxc4
{[%clk 0:04:10]} 16. Nd4 {[%clk 0:06:34]} c5 {[%clk 0:03:42]} 17. Nxd5
{[%clk 0:06:15]} Bxd5 {[%clk 0:03:38]} 18. Nf3 {[%clk 0:06:13]} Rad8
{[%clk 0:03:28]} 19. Rad1 {[%clk 0:05:32]} Rd7 {[%clk 0:03:08]} 20. Re2
{[%clk 0:04:48]} Rfd8 {[%clk 0:02:51]} 21. b3 {[%clk 0:04:20]} Be4
{[%clk 0:02:31]} 22. c4 {[%clk 0:04:00]} Rd3 {[%clk 0:01:19]} 23. Ng5
{[%clk 0:03:36]} Bc6 {[%clk 0:00:54]} 24. Nf3 {[%clk 0:03:06]} Bxf3
{[%clk 0:00:54]} 25. gxf3 {[%clk 0:03:05]} Bh6 {[%clk 0:00:52]} 26. Rc1
{[%clk 0:02:40]} Qd7 {[%clk 0:00:37]} 27. Rc2 {[%clk 0:02:39]} Qd4
{[%clk 0:00:33]} 28. Qxd4 {[%clk 0:02:29]} Rd5 29. Qxd3 Rxd3 {[%clk 0:01:33]} 30.
Kg2 {[%clk 0:02:10]} Bxf4 {[%clk 0:01:24]} 31. Bxf4 {[%clk 0:01:56]} 0-1

[Event "msr26ss"]
[Site "?"]
[Date "2026.03.26"]
[Round "7.24"]
[White "Halas, Oto"]
[Black "Kosut, Peter Simon"]
[Result "0-1"]
[BlackElo "1000"]
[WhiteElo "1420"]
[LiveChessVersion "1.4.8"]

1. e4 {[%clk 0:10:02]} c5 {[%clk 0:10:03]} 2. Nf3 {[%clk 0:10:01]} Nc6
{[%clk 0:10:04]} 3. d4 {[%clk 0:10:01]} cxd4 {[%clk 0:10:02]} 4. Nxd4
{[%clk 0:10:01]} d6 {[%clk 0:10:01]} 5. Nc3 {[%clk 0:09:58]} Nf6 {[%clk 0:09:59]}
6. Bc4 {[%clk 0:09:38]} Bd7 {[%clk 0:09:55]} 7. O-O {[%clk 0:09:34]} g6
{[%clk 0:09:54]} 8. Bg5 {[%clk 0:08:32]} Bg7 {[%clk 0:09:33]} 9. Qe2
{[%clk 0:07:21]} Nxd4 {[%clk 0:09:27]} 10. Qd3 {[%clk 0:07:17]} Nc6
{[%clk 0:09:17]} 11. Rad1 {[%clk 0:07:12]} Ne5 {[%clk 0:09:12]} 12. Qd4
{[%clk 0:06:55]} Nxc4 {[%clk 0:09:10]} 13. Qxc4 {[%clk 0:06:55]} Be6
{[%clk 0:09:03]} 14. Qa4+ {[%clk 0:06:50]} Qd7 {[%clk 0:09:03]} 15. Qa3
{[%clk 0:06:37]} Qc6 {[%clk 0:08:50]} 16. Rfe1 {[%clk 0:05:17]} h6
{[%clk 0:08:38]} 17. Bf4 {[%clk 0:04:53]} Nh5 {[%clk 0:08:25]} 18. Bd2
{[%clk 0:04:42]} O-O {[%clk 0:08:22]} 19. Re3 {[%clk 0:03:50]} b5
{[%clk 0:08:07]} 20. b4 {[%clk 0:03:30]} Rfc8 {[%clk 0:07:49]} 21. Rc1
{[%clk 0:01:52]} Nf4 {[%clk 0:07:04]} 22. Rf3 {[%clk 0:00:48]} Bxc3
{[%clk 0:06:48]} 23. Bxc3 {[%clk 0:00:42]} Ne2+ {[%clk 0:06:45]} 24. Kf1
{[%clk 0:00:39]} Qc4 {[%clk 0:06:23]} 25. Ke1 {[%clk 0:00:16]} Nxc3
{[%clk 0:06:16]} 26. Rxc3 {[%clk 0:00:15]} Qxc3+ {[%clk 0:06:16]} 27. Qxc3
{[%clk 0:00:15]} Rxc3 {[%clk 0:06:15]} 0-1